=LDR 00000nam 2200000 4500 =001 INLIS000000000061916 =005 20230116105531 =035 ##$$a 0010-0123000018 =007 ta =008 230116###########################0#eng## =020 ##$$a 0-673-39692-4 =082 ##$$a 320.6 =084 ##$$a 320.6 GOG i =100 #$$a Goggin, Malcolm L. =245 1#$$a Implementation Theory and Practice Toward a Third Generation /$c Malcolm L. Goggin =260 ##$$a Bureaucracy :$b Scott, Foresman and Company,$c 1990 =300 ##$$a 208 halaman ; $c 20 cm =650 #4$$a Kebijakan Pemerintah =990 ##$$a 00030003